[Event "Zone 3.1 Championship 2013"]
[Site "Doha, Qatar"]
[Date "2013.05.07"]
[Round "4.1"]
[White "Al-Sayed, Mohammed"]
[Black "Darini, Pouria"]
[Result "1/2-1/2"]
[LiveChessVersion "1.4.1"]
[BlackElo "2530"]
[WhiteElo "2502"]

1. d4 {[%clk 1:26:53]} Nf6 {[%clk 1:30:52]} 2. c4 {[%clk 1:27:18]} g6
{[%clk 1:31:12]} 3. Nc3 {[%clk 1:27:44]} d5 {[%clk 1:31:19]} 4. Nf3
{[%clk 1:28:03]} Bg7 {[%clk 1:31:42]} 5. h4 {[%clk 1:28:28]} c6 {[%clk 1:29:51]}
6. cxd5 {[%clk 1:26:03]} cxd5 {[%clk 1:30:03]} 7. Bf4 {[%clk 1:26:28]} Nc6
{[%clk 1:29:04]} 8. e3 {[%clk 1:26:53]} O-O {[%clk 1:24:39]} 9. Qb3
{[%clk 1:27:14]} Na5 {[%clk 1:12:38]} 10. Qb4 {[%clk 1:27:35]} Nc6
{[%clk 1:08:27]} 11. Qa3 {[%clk 1:27:58]} Bf5 {[%clk 1:00:24]} 12. Be2
{[%clk 1:16:18]} a5 {[%clk 0:54:18]} 13. O-O {[%clk 1:13:43]} Nb4
{[%clk 0:46:16]} 14. Rac1 {[%clk 1:13:52]} Nd3 {[%clk 0:44:43]} 15. Bxd3
{[%clk 1:13:41]} Bxd3 {[%clk 0:45:06]} 16. Rfe1 {[%clk 1:12:52]} Ba6
{[%clk 0:36:10]} 17. Na4 {[%clk 1:10:39]} Nd7 {[%clk 0:34:20]} 18. Bc7
{[%clk 1:06:11]} Qe8 {[%clk 0:34:40]} 19. Ne5 {[%clk 0:52:34]} Bxe5
{[%clk 0:22:44]} 20. dxe5 {[%clk 0:52:54]} Rc8 {[%clk 0:21:15]} 21. Qb3
{[%clk 0:29:24]} b5 {[%clk 0:08:49]} 22. Nc5 {[%clk 0:29:43]} Nxc5
{[%clk 0:05:25]} 23. Rxc5 {[%clk 0:30:03]} Qd7 {[%clk 0:05:40]} 24. Rec1
{[%clk 0:29:37]} Bb7 {[%clk 0:01:12]} 25. Qd3 {[%clk 0:23:02]} a4
{[%clk 0:00:47]} 26. Qd4 {[%clk 0:21:23]} h5 {[%clk 0:01:05]} 27. f3
{[%clk 0:20:14]} Kh7 {[%clk 0:01:14]} 28. e4 {[%clk 0:17:09]} e6 {[%clk 0:01:29]}
29. Qd2 {[%clk 0:16:12]} Rfe8 {[%clk 0:01:36]} 30. Qf4 {[%clk 0:11:55]} dxe4
{[%clk 0:01:27]} 31. Bd6 {[%clk 0:12:18]} Rxc5 {[%clk 0:00:55]} 32. Rxc5
{[%clk 0:12:46]} Rc8 {[%clk 0:00:52]} 33. Rxc8 {[%clk 0:11:22]} Bxc8
{[%clk 0:01:22]} 34. Qxe4 {[%clk 0:11:28]} f5 {[%clk 0:01:03]} 35. Qe3
{[%clk 0:11:40]} Bb7 {[%clk 0:01:08]} 36. Qg5 {[%clk 0:10:47]} Bd5
{[%clk 0:01:27]} 37. a3 {[%clk 0:10:34]} Qa7+ {[%clk 0:00:41]} 38. Kh2
{[%clk 0:10:59]} Qd7 {[%clk 0:00:39]} 39. Be7 {[%clk 0:10:50]} Qe8
{[%clk 0:00:50]} 40. Qf6 {[%clk 0:10:49]} Qh8 {[%clk 0:00:55]} 41. Bd6
{[%clk 0:02:46]} Qxf6 {[%clk 0:01:05]} 42. exf6 {[%clk 0:03:09]} Kg8
{[%clk 0:01:32]} 43. Kg3 {[%clk 0:03:18]} 1/2-1/2

[Event "Zone 3.1 Championship 2013"]
[Site "Doha, Qatar"]
[Date "2013.05.07"]
[Round "4.2"]
[White "Khader, Sami"]
[Black "Golizadeh, Asghar"]
[Result "0-1"]
[LiveChessVersion "1.4.1"]
[BlackElo "2486"]
[WhiteElo "2374"]

1. d4 {[%clk 1:29:16]} Nf6 {[%clk 1:30:43]} 2. c4 {[%clk 1:27:06]} e6
{[%clk 1:29:52]} 3. Nf3 {[%clk 1:27:19]} Bb4+ 4. Nbd2 {[%clk 1:24:22]} O-O
{[%clk 1:28:07]} 5. a3 {[%clk 1:24:43]} Be7 {[%clk 1:28:29]} 6. e4
{[%clk 1:24:22]} d5 {[%clk 1:28:52]} 7. e5 {[%clk 1:23:42]} Nfd7 {[%clk 1:29:17]}
8. b4 {[%clk 1:15:43]} a5 {[%clk 1:29:26]} 9. b5 {[%clk 1:16:01]} c5
{[%clk 1:29:41]} 10. Bb2 {[%clk 1:15:51]} cxd4 {[%clk 1:28:23]} 11. cxd5
{[%clk 1:12:10]} exd5 {[%clk 1:27:34]} 12. Nb3 {[%clk 1:12:19]} Re8
{[%clk 1:14:37]} 13. Be2 {[%clk 1:01:07]} Nb6 {[%clk 1:13:30]} 14. O-O
{[%clk 0:58:49]} N8d7 {[%clk 1:06:28]} 15. Nbxd4 {[%clk 0:53:29]} Nc5
{[%clk 1:06:36]} 16. Nb3 {[%clk 0:43:09]} Nca4 {[%clk 0:50:15]} 17. Bd4
{[%clk 0:43:18]} Be6 {[%clk 0:50:35]} 18. Nbd2 {[%clk 0:32:59]} Rc8
{[%clk 0:45:57]} 19. Qb3 {[%clk 0:33:12]} Qd7 {[%clk 0:38:50]} 20. Rfd1
{[%clk 0:27:22]} Bf5 {[%clk 0:34:53]} 21. Bd3 {[%clk 0:17:54]} Bc5
{[%clk 0:31:21]} 22. Bxf5 {[%clk 0:15:43]} Qxf5 {[%clk 0:30:55]} 23. Re1
{[%clk 0:14:44]} Bf8 {[%clk 0:24:46]} 24. h3 {[%clk 0:10:23]} Nc5
{[%clk 0:22:24]} 25. Qb1 {[%clk 0:04:36]} Qxb1 {[%clk 0:20:49]} 26. Rexb1
{[%clk 0:04:22]} Nca4 {[%clk 0:16:55]} 27. Nf1 {[%clk 0:03:34]} Nc4
{[%clk 0:14:29]} 28. Ne3 {[%clk 0:03:51]} Nxe3 {[%clk 0:14:12]} 29. Bxe3
{[%clk 0:03:55]} Nc3 {[%clk 0:07:36]} 30. Rb2 {[%clk 0:04:19]} Rc4
{[%clk 0:07:32]} 31. Kf1 {[%clk 0:00:52]} Rec8 {[%clk 0:07:55]} 32. Rc2
{[%clk 0:00:36]} Nxb5 {[%clk 0:03:48]} 33. Rb2 {[%clk 0:01:05]} Nxa3
{[%clk 0:03:58]} 34. Rxb7 {[%clk 0:01:33]} a4 {[%clk 0:03:51]} 35. Nd4
{[%clk 0:01:47]} Bc5 {[%clk 0:03:35]} 36. Nf5 {[%clk 0:02:07]} Bf8
{[%clk 0:01:47]} 37. Nd6 {[%clk 0:02:33]} Nc2 {[%clk 0:02:13]} 38. Nxc4
{[%clk 0:01:24]} Nxa1 {[%clk 0:02:36]} 39. Nb6 {[%clk 0:01:45]} Re8
{[%clk 0:01:58]} 40. Nxa4 {[%clk 0:01:30]} Nc2 {[%clk 0:02:27]} 41. Bf4
{[%clk 0:20:10]} Ra8 {[%clk 0:25:00]} 42. Nb6 {[%clk 0:18:48]} Ra1+
{[%clk 0:25:02]} 43. Ke2 {[%clk 0:18:36]} Nd4+ {[%clk 0:25:20]} 44. Ke3
{[%clk 0:08:59]} Ne6 {[%clk 0:25:36]} 45. Bg3 {[%clk 0:08:37]} Rb1
{[%clk 0:22:49]} 46. Kd2 {[%clk 0:03:24]} Nc5 {[%clk 0:22:03]} 47. Rb8
{[%clk 0:03:36]} Na6 {[%clk 0:22:12]} 48. Rxf8+ {[%clk 0:03:24]} Kxf8
{[%clk 0:22:39]} 49. Nxd5 {[%clk 0:03:46]} Nc5 {[%clk 0:22:41]} 50. Nc3
{[%clk 0:03:06]} Rb2+ {[%clk 0:22:17]} 51. Ke3 {[%clk 0:03:28]} Ke7
{[%clk 0:21:35]} 52. Kd4 {[%clk 0:02:05]} Nb3+ {[%clk 0:21:40]} 53. Ke3
{[%clk 0:02:19]} Ke6 {[%clk 0:20:19]} 54. Ne2 {[%clk 0:01:57]} Na5
{[%clk 0:19:16]} 55. Nf4+ {[%clk 0:01:26]} Kf5 {[%clk 0:18:16]} 56. Nd3
{[%clk 0:01:55]} Ra2 {[%clk 0:18:14]} 57. Bh4 {[%clk 0:01:15]} h5
{[%clk 0:17:01]} 58. Be7 {[%clk 0:01:33]} Ra4 {[%clk 0:16:04]} 59. f4
{[%clk 0:00:46]} Nc6 {[%clk 0:14:39]} 60. Bf8 {[%clk 0:00:43]} g6
{[%clk 0:12:46]} 61. Bd6 {[%clk 0:00:40]} h4 {[%clk 0:12:25]} 62. Bf8
{[%clk 0:00:55]} Re4+ {[%clk 0:12:10]} 63. Kf2 {[%clk 0:01:08]} Nd4
{[%clk 0:10:05]} 64. Bh6 {[%clk 0:01:01]} Re2+ {[%clk 0:08:07]} 65. Kf1
{[%clk 0:01:11]} Rd2 {[%clk 0:08:19]} 66. Ne1 {[%clk 0:00:56]} Ra2
{[%clk 0:06:26]} 67. Bg5 {[%clk 0:00:47]} Ke4 {[%clk 0:06:51]} 68. Bxh4
{[%clk 0:00:37]} Kxf4 {[%clk 0:07:05]} 69. Bf2 {[%clk 0:01:04]} Kxe5
{[%clk 0:06:54]} 70. Nd3+ {[%clk 0:01:20]} Ke4 {[%clk 0:07:23]} 71. Ne1
{[%clk 0:00:47]} Ra1 {[%clk 0:07:18]} 72. Bg3 {[%clk 0:00:41]} Nf5
{[%clk 0:07:13]} 73. Bf2 {[%clk 0:01:00]} Ne3+ {[%clk 0:07:12]} 74. Kg1
{[%clk 0:00:37]} Nc2 {[%clk 0:07:35]} 75. Kf1 {[%clk 0:01:03]} Nxe1
{[%clk 0:07:59]} 76. Bxe1 {[%clk 0:01:30]} Ke3 {[%clk 0:08:20]} 0-1

[Event "Zone 3.1 Championship 2013"]
[Site "Doha, Qatar"]
[Date "2013.05.07"]
[Round "4.3"]
[White "Tamra, Attallah"]
[Black "Ghaem Maghami, Ehsan"]
[Result "0-1"]
[LiveChessVersion "1.4.1"]
[BlackElo "2568"]
[WhiteElo "2080"]

1. e4 {[%clk 1:30:22]} c5 {[%clk 1:30:39]} 2. Nc3 {[%clk 1:29:33]} a6
{[%clk 1:31:01]} 3. f4 {[%clk 1:29:36]} b5 {[%clk 1:31:01]} 4. Nf3
{[%clk 1:29:56]} Bb7 {[%clk 1:31:06]} 5. d3 {[%clk 1:30:23]} e6 {[%clk 1:30:46]}
6. g3 {[%clk 1:28:37]} d5 {[%clk 1:24:07]} 7. e5 {[%clk 1:24:26]} h5
{[%clk 1:21:35]} 8. Bg2 {[%clk 1:20:38]} Ne7 {[%clk 1:21:20]} 9. O-O
{[%clk 1:12:53]} Nf5 {[%clk 1:21:28]} 10. Ne2 {[%clk 1:12:53]} Nc6
{[%clk 1:20:57]} 11. c3 {[%clk 1:11:55]} d4 {[%clk 1:11:03]} 12. Ng5
{[%clk 0:53:36]} Be7 {[%clk 1:06:47]} 13. Ne4 {[%clk 0:52:38]} Qd7
{[%clk 0:55:32]} 14. Qc2 {[%clk 0:48:01]} Rd8 {[%clk 0:50:34]} 15. Rf3
{[%clk 0:41:42]} c4 {[%clk 0:49:25]} 16. h3 {[%clk 0:23:57]} dxc3
{[%clk 0:48:13]} 17. bxc3 {[%clk 0:23:52]} cxd3 {[%clk 0:48:11]} 18. Nd6+
{[%clk 0:24:06]} Bxd6 0-1

[Event "Zone 3.1 Championship 2013"]
[Site "Doha, Qatar"]
[Date "2013.05.07"]
[Round "4.4"]
[White "Al-Modiahki, Mohamad"]
[Black "Eid, Fadi"]
[Result "1/2-1/2"]
[LiveChessVersion "1.4.1"]
[BlackElo "2364"]
[WhiteElo "2550"]

1. e4 {[%clk 1:29:02]} Nc6 {[%clk 1:27:17]} 2. Nf3 {[%clk 1:29:09]} d6
{[%clk 1:26:59]} 3. d4 {[%clk 1:29:09]} Nf6 {[%clk 1:27:18]} 4. Nc3
{[%clk 1:29:31]} Bg4 {[%clk 1:27:41]} 5. Bb5 {[%clk 1:29:34]} a6 {[%clk 1:28:06]}
6. Bxc6+ {[%clk 1:29:18]} bxc6 {[%clk 1:28:33]} 7. Bg5 {[%clk 1:29:17]} h6
{[%clk 1:22:26]} 8. Bxf6 {[%clk 1:19:05]} exf6 {[%clk 1:22:08]} 9. h3
{[%clk 1:16:28]} Bc8 {[%clk 1:14:23]} 10. O-O {[%clk 1:07:41]} Be7
{[%clk 1:12:52]} 11. d5 {[%clk 1:05:57]} c5 {[%clk 1:12:01]} 12. Qd3
{[%clk 1:01:08]} O-O {[%clk 1:11:07]} 13. Nd2 {[%clk 1:01:15]} f5
{[%clk 1:03:52]} 14. exf5 {[%clk 0:59:46]} Bf6 {[%clk 1:00:51]} 15. Nc4
{[%clk 0:52:29]} Bxc3 {[%clk 0:56:54]} 16. bxc3 {[%clk 0:52:01]} a5
{[%clk 0:57:05]} 17. Ne3 {[%clk 0:50:44]} Ba6 {[%clk 0:56:47]} 18. c4
{[%clk 0:51:07]} Qh4 {[%clk 0:56:11]} 19. Rfe1 {[%clk 0:46:41]} Rfb8
{[%clk 0:53:21]} 20. Qc3 {[%clk 0:42:58]} Bc8 {[%clk 0:45:52]} 21. Rab1
{[%clk 0:36:15]} Rb4 {[%clk 0:42:33]} 22. a3 {[%clk 0:35:16]} Rxb1
{[%clk 0:40:50]} 23. Rxb1 {[%clk 0:35:44]} Qd4 {[%clk 0:40:46]} 24. Qb3
{[%clk 0:29:31]} Qf4 {[%clk 0:37:19]} 25. Qd3 {[%clk 0:26:02]} Ba6
{[%clk 0:35:19]} 26. Qc3 {[%clk 0:19:03]} Bc8 {[%clk 0:34:05]} 27. f6
{[%clk 0:10:00]} Qxf6 {[%clk 0:28:03]} 28. Qxf6 {[%clk 0:10:28]} gxf6
{[%clk 0:28:23]} 29. Kf1 {[%clk 0:08:20]} f5 {[%clk 0:26:51]} 30. f4
{[%clk 0:08:27]} Kg7 {[%clk 0:26:53]} 31. Ke2 {[%clk 0:08:41]} h5
{[%clk 0:26:42]} 32. Rb5 {[%clk 0:05:19]} Kf6 {[%clk 0:26:39]} 33. Kf2
{[%clk 0:05:09]} a4 {[%clk 0:25:11]} 34. Kg3 {[%clk 0:00:56]} Ba6
{[%clk 0:14:47]} 35. Ra5 {[%clk 0:01:20]} Bb7 {[%clk 0:15:16]} 36. Rxa8
{[%clk 0:01:07]} Bxa8 {[%clk 0:13:14]} 37. Nd1 {[%clk 0:01:10]} Bb7
{[%clk 0:13:36]} 38. Kf2 {[%clk 0:01:12]} c6 {[%clk 0:12:35]} 39. Nc3
{[%clk 0:01:27]} cxd5 {[%clk 0:12:49]} 40. cxd5 {[%clk 0:01:54]} Ke7
{[%clk 0:06:37]} 41. Kg3 {[%clk 0:00:58]} Kf6 {[%clk 0:05:54]} 42. Kh4
{[%clk 0:27:38]} Kg6 {[%clk 0:36:37]} 43. g3 {[%clk 0:26:33]} Ba8
{[%clk 0:36:58]} 44. Nxa4 {[%clk 0:17:38]} Bxd5 {[%clk 0:36:55]} 45. Nb6
{[%clk 0:18:07]} Be4 {[%clk 0:26:29]} 46. c4 {[%clk 0:18:04]} Bb7
{[%clk 0:26:33]} 47. a4 {[%clk 0:15:18]} Ba6 {[%clk 0:26:13]} 48. a5
{[%clk 0:14:39]} f6 {[%clk 0:25:11]} 49. g4 {[%clk 0:13:45]} fxg4
{[%clk 0:25:10]} 50. hxg4 {[%clk 0:14:13]} hxg4 {[%clk 0:25:31]} 51. Kxg4
{[%clk 0:14:42]} f5+ {[%clk 0:25:42]} 52. Kf3 {[%clk 0:07:08]} Kf7
{[%clk 0:22:37]} 53. Ke3 {[%clk 0:05:33]} Ke8 {[%clk 0:20:35]} 54. Kf2
{[%clk 0:05:48]} Kf7 {[%clk 0:20:32]} 55. Kf3 {[%clk 0:04:14]} Ke6
{[%clk 0:19:20]} 56. Kg3 {[%clk 0:04:20]} d5 {[%clk 0:10:55]} 57. cxd5+
{[%clk 0:03:03]} Kd6 {[%clk 0:09:05]} 58. Kf2 {[%clk 0:02:55]} Bb5
{[%clk 0:07:09]} 59. Ke3 {[%clk 0:02:53]} Ba6 {[%clk 0:07:16]} 60. Kd2
{[%clk 0:02:53]} Bb5 {[%clk 0:07:39]} 61. Kc3 {[%clk 0:02:15]} Ba6
{[%clk 0:07:31]} 62. Kb3 {[%clk 0:02:17]} Bb5 {[%clk 0:07:49]} 63. Ka3
{[%clk 0:01:14]} Ba6 {[%clk 0:08:05]} 64. Ka4 {[%clk 0:01:08]} Kc7
{[%clk 0:08:23]} 65. Kb3 {[%clk 0:01:14]} Kd6 {[%clk 0:08:35]} 66. Kc3
{[%clk 0:01:06]} Bb5 {[%clk 0:08:51]} 67. Kd2 {[%clk 0:00:51]} Ba6
{[%clk 0:09:14]} 68. Ke3 {[%clk 0:00:45]} Bb5 {[%clk 0:09:28]} 1/2-1/2

[Event "Zone 3.1 Championship 2013"]
[Site "Doha, Qatar"]
[Date "2013.05.07"]
[Round "4.5"]
[White "Nezad, Husein Aziz"]
[Black "Ahmed, Ali Layth Ahmed"]
[Result "1/2-1/2"]
[LiveChessVersion "1.4.1"]
[BlackElo "2319"]
[WhiteElo "2410"]

1. d4 {[%clk 1:29:53]} Nf6 {[%clk 1:30:53]} 2. c4 {[%clk 1:30:08]} e6
{[%clk 1:31:14]} 3. Nc3 {[%clk 1:30:29]} Bb4 {[%clk 1:31:01]} 4. e3
{[%clk 1:30:48]} O-O {[%clk 1:28:42]} 5. Bd3 {[%clk 1:31:00]} Nc6
{[%clk 1:28:35]} 6. Nge2 {[%clk 1:30:24]} d5 {[%clk 1:25:39]} 7. a3
{[%clk 1:27:18]} dxc4 {[%clk 1:19:07]} 8. Bxc4 {[%clk 1:27:08]} Ba5
{[%clk 1:04:30]} 9. O-O {[%clk 1:24:59]} e5 {[%clk 1:03:16]} 10. d5
{[%clk 1:20:52]} Ne7 {[%clk 1:02:59]} 11. b4 {[%clk 1:21:09]} Bb6
{[%clk 1:03:27]} 12. Bb2 {[%clk 1:21:29]} Nf5 {[%clk 0:56:41]} 13. Rc1
{[%clk 1:19:07]} Ng4 {[%clk 0:54:06]} 14. Na4 {[%clk 0:40:52]} Nfxe3
{[%clk 0:35:58]} 15. fxe3 {[%clk 0:40:13]} Qh4 {[%clk 0:27:44]} 16. h3
{[%clk 0:39:55]} Nxe3 {[%clk 0:28:02]} 17. Qb3 {[%clk 0:33:11]} Qe4
{[%clk 0:17:20]} 18. Rf2 {[%clk 0:29:29]} Nxc4 {[%clk 0:17:41]} 19. Nxb6
{[%clk 0:29:51]} Nxb6 {[%clk 0:17:34]} 20. Rc5 {[%clk 0:22:41]} Bd7
{[%clk 0:15:19]} 21. Ng3 {[%clk 0:21:05]} Qg6 {[%clk 0:14:33]} 22. Rxc7
{[%clk 0:18:36]} Qd6 {[%clk 0:12:35]} 23. Nh5 {[%clk 0:13:02]} Qg6
{[%clk 0:07:18]} 24. Ng3 {[%clk 0:11:38]} Qd6 {[%clk 0:07:04]} 25. Nh5
{[%clk 0:11:51]} Qg6 {[%clk 0:06:14]} 26. Ng3 {[%clk 0:11:02]} Qd6 1/2-1/2

[Event "Zone 3.1 Championship 2013"]
[Site "Doha, Qatar"]
[Date "2013.05.07"]
[Round "4.10"]
[White "Jalloul, Maya M."]
[Black "Al-Khelaifi, Aisha"]
[Result "1-0"]
[LiveChessVersion "1.4.1"]
[BlackElo "1681"]
[WhiteElo "1962"]

1. c4 {[%clk 1:30:54]} e5 {[%clk 1:30:33]} 2. Nc3 {[%clk 1:31:02]} Nf6
{[%clk 1:30:39]} 3. g3 {[%clk 1:31:16]} d5 {[%clk 1:29:34]} 4. cxd5
{[%clk 1:30:45]} Nxd5 {[%clk 1:29:54]} 5. Bg2 {[%clk 1:30:33]} Nb6
{[%clk 1:29:53]} 6. Nf3 {[%clk 1:30:14]} Nc6 {[%clk 1:29:55]} 7. O-O
{[%clk 1:29:40]} Be7 {[%clk 1:30:00]} 8. d3 {[%clk 1:27:39]} Be6 {[%clk 1:28:01]}
9. Rb1 {[%clk 1:25:50]} f6 {[%clk 1:26:16]} 10. a3 {[%clk 1:24:22]} O-O
{[%clk 1:24:36]} 11. b4 {[%clk 1:23:55]} Qd7 {[%clk 1:14:05]} 12. Ne4
{[%clk 1:19:53]} Nd5 {[%clk 1:07:36]} 13. Bb2 {[%clk 1:15:29]} b6
{[%clk 1:03:32]} 14. Qc2 {[%clk 1:11:19]} Rac8 {[%clk 0:56:21]} 15. Ned2
{[%clk 1:06:11]} Bd6 {[%clk 0:52:52]} 16. Rfc1 {[%clk 1:04:10]} Nb8
{[%clk 0:52:34]} 17. Nc4 {[%clk 1:01:34]} Kh8 {[%clk 0:42:39]} 18. Nfd2
{[%clk 0:57:06]} Rfd8 {[%clk 0:37:35]} 19. Ne4 {[%clk 0:47:32]} Bf8
{[%clk 0:35:27]} 20. Ba1 {[%clk 0:37:54]} Bh3 {[%clk 0:27:10]} 21. Ne3
{[%clk 0:23:42]} Nxe3 {[%clk 0:23:22]} 22. fxe3 {[%clk 0:23:45]} Bxg2
{[%clk 0:23:37]} 23. Kxg2 {[%clk 0:24:01]} h6 {[%clk 0:19:51]} 24. Bc3
{[%clk 0:22:02]} Re8 {[%clk 0:19:30]} 25. Rf1 {[%clk 0:19:24]} Nc6
{[%clk 0:16:20]} 26. Nd2 {[%clk 0:18:25]} Nd8 {[%clk 0:15:30]} 27. Nf3
{[%clk 0:17:33]} Nc6 {[%clk 0:14:05]} 28. Nh4 {[%clk 0:15:42]} Ne7
{[%clk 0:13:26]} 29. e4 {[%clk 0:15:21]} Kh7 {[%clk 0:12:22]} 30. Qb3
{[%clk 0:15:10]} Qg4 {[%clk 0:09:04]} 31. Rf2 {[%clk 0:13:27]} Kh8
{[%clk 0:03:59]} 32. Qf7 {[%clk 0:12:55]} Ng8 {[%clk 0:01:40]} 33. Bd2
{[%clk 0:12:02]} h5 {[%clk 0:01:29]} 34. h3 {[%clk 0:12:20]} Qe6 {[%clk 0:01:47]}
35. Ng6+ {[%clk 0:12:33]} 1-0

[Event "Zone 3.1 Chess Championship 2013 (Men)"]
[Site "Doha - Qatar"]
[Date "2013.??.??"]
[Round "4.7"]
[White "Al-Hajiri, Bader"]
[Black "Faraj, Yahya"]
[Result "0-1"]
[WhiteElo "2019"]
[BlackElo "2264"]
[PlyCount "66"]
[EventDate "2013.05.04"]

1. e4 e5 2. Nf3 Nc6 3. Bc4 Bc5 4. c3 d6 5. d4 exd4 6. cxd4 Bb6 7. Nc3 Nf6 8.
O-O Bg4 9. Be3 O-O 10. a3 Nxe4 11. Nxe4 d5 12. Bg5 Qd7 13. Nc5 Bxc5 14. dxc5
dxc4 15. Qxd7 Bxd7 16. Bf4 Rac8 17. Rac1 Be6 18. Rfd1 Rfd8 19. Rxd8+ Rxd8 20.
Bxc7 Rd5 21. Bd6 Na5 22. Kf1 Nb3 23. Rc2 b5 24. Bb8 a5 25. c6 Bf5 26. c7 Rc5
27. Re2 Bd3 28. Ke1 Bxe2 29. Kxe2 b4 30. axb4 axb4 31. Ng5 c3 32. bxc3 bxc3 33.
Ne4 Rc6 0-1